[Event "CRO-chT1B 28th"]
[Site "Mali Losinj"]
[Date "2019.10.05"]
[Round "8.32"]
[White "Srbis, Jurica"]
[Black "Bogut, Zeljko"]
[Result "1-0"]
[WhiteElo "2445"]
[BlackElo "2386"]
[PlyCount "121"]
[EventDate "2019.09.28"]
[EventType "team-tourn"]
[EventRounds "9"]
[EventCountry "CRO"]
[SourceTitle "EXT 2020"]
[Source "ChessBase"]
[SourceDate "2019.10.17"]
[SourceVersion "1"]
[SourceVersionDate "2019.10.17"]
[SourceQuality "1"]
[WhiteTeam "Bjelovar"]
[BlackTeam "Dubrovnik"]
[WhiteTeamCountry "CRO"]
[BlackTeamCountry "CRO"]

1. d4 Nf6 2. c4 c5 3. d5 e6 4. Nc3 exd5 5. cxd5 d6 6. e4 a6 7. f4 b5 8. e5 Bg4 9. Be2 Bxe2 10. Ngxe2 b4 11. exf6 bxc3 12. fxg7 Bxg7 13. Nxc3 Qh4+ 14. g3 Qh3 15. Be3 Qg2 16. Qa4+ Nd7 17. Qe4+ Qxe4 18. Nxe4 Ke7 19. 0-0-0 Rab8 20. Rd2 Rb4 21. Nf2 Rhb8 22. Re1 Kd8 23. Nd3 R4b5 24. Rc2 Nb6 25. Rd1 Ke7 26. Nf2 Kd7 27. Rdd2 Rb4 28. Nd3 Re4 29. Bg1 f5 30. b3 a5 31. Bxc5 dxc5 32. Nxc5+ Kd6 33. Nxe4+ fxe4 34. Rc6+ Kd7 35. Re6 Bc3 36. Rd1 Nxd5 37. f5 Rb5 38. Rxe4 Kd6 39. Re6+ Kc5 40. Re8 Bf6 41. Rc8+ Kd6 42. Re1 Bg5+ 43. Kb1 a4 44. Re6+ Kd7 45. Rg8 Bf6 46. Ra8 Bd4 47. Rh6 axb3 48. Rxh7+ Kd6 49. axb3 Rxb3+ 50. Kc2 Rc3+ 51. Kd2 Be3+ 52. Ke2 Bg5 53. Re8 Nf6 54. Re6+ Kd5 55. Rg7 Rc2+ 56. Kf3 Bh6 57. Rg6 Rc3+ 58. Kg2 Rc2+ 59. Kh3 Ne4 60. Rxh6 Ng5+ 61. Kg4 1-0

[Event "CRO-chT1B 28th"]
[Site "Mali Losinj"]
[Date "2019.10.03"]
[Round "6.42"]
[White "Horvath, Adam"]
[Black "Bogut, Zeljko"]
[Result "1-0"]
[WhiteElo "2495"]
[BlackElo "2386"]
[PlyCount "65"]
[EventDate "2019.09.28"]
[EventType "team-tourn"]
[EventRounds "9"]
[EventCountry "CRO"]
[SourceTitle "EXT 2020"]
[Source "ChessBase"]
[SourceDate "2019.10.17"]
[SourceVersion "1"]
[SourceVersionDate "2019.10.17"]
[SourceQuality "1"]
[WhiteTeam "Slavonski Brod Dakovic"]
[BlackTeam "Dubrovnik"]
[WhiteTeamCountry "CRO"]
[BlackTeamCountry "CRO"]

1. e4 c5 2. Nf3 a6 3. g3 b5 4. Bg2 Bb7 5. Qe2 e6 6. 0-0 Nf6 7. d3 Be7 8. e5 Nd5 9. c4 Nc7 10. Nc3 0-0 11. Ne4 Ne8 12. h4 f5 13. exf6 Nxf6 14. Nfg5 Nc6 15. Be3 h6 16. Nxf6+ Bxf6 17. Ne4 Nd4 18. Qh5 Bxe4 19. Bxe4 Rb8 20. Rab1 bxc4 21. dxc4 d6 22. Qg6 d5 23. cxd5 exd5 24. Qh7+ Kf7 25. Bg6+ Ke7 26. Bh5 Kd7 27. b4 Qe7 28. bxc5 Kc6 29. Qd3 Nb5 30. a4 Nc7 31. Rb6+ Rxb6 32. cxb6 Ne6 33. Qxa6 1-0

[Event "BIH-chT 18th"]
[Site "Tuzla"]
[Date "2019.06.12"]
[Round "5.4"]
[White "Kadric, Denis"]
[Black "Bogut, Zeljko"]
[Result "1-0"]
[WhiteElo "2550"]
[BlackElo "2403"]
[PlyCount "73"]
[EventDate "2019.06.08"]
[EventType "team-tourn"]
[EventRounds "9"]
[EventCountry "BIH"]
[SourceTitle "CBM 190 Extra"]
[Source "ChessBase"]
[SourceDate "2019.07.15"]
[SourceVersion "1"]
[SourceVersionDate "2019.07.15"]
[SourceQuality "1"]
[WhiteTeam "Tuzla Sloboda"]
[BlackTeam "Siroki Brijeg"]
[WhiteTeamCountry "BIH"]
[BlackTeamCountry "BIH"]

1. e4 d5 2. exd5 Qxd5 3. Nf3 Bg4 4. Be2 Bxf3 5. Bxf3 Qe6+ 6. Be2 Nc6 7. c3 Qg6 8. 0-0 e5 9. b4 0-0-0 10. Qa4 Kb8 11. d3 Nf6 12. Na3 Nd5 13. Bd2 Nb6 14. Qd1 a5 15. bxa5 Nxa5 16. Nc2 Be7 17. Qc1 f5 18. c4 Nc6 19. a4 Qd6 20. Bc3 Nd7 21. Qb2 Bf6 22. Rfb1 Nc5 23. Ne3 Ne7 24. Bb4 b6 25. a5 e4 26. Qa3 Kc8 27. axb6 cxb6 28. dxe4 Bxa1 29. Qxa1 f4 30. Bg4+ Kb7 31. e5 Qc7 32. Bf3+ Kc8 33. Nd5 Nxd5 34. cxd5 Kd7 35. d6 Qc8 36. Bg4+ Ne6 37. Qa4+ 1-0

[Event "BIH-chT 18th"]
[Site "Tuzla"]
[Date "2019.06.10"]
[Round "3.3"]
[White "Tadic, Branko"]
[Black "Bogut, Zeljko"]
[Result "1-0"]
[WhiteElo "2483"]
[BlackElo "2403"]
[PlyCount "107"]
[EventDate "2019.06.08"]
[EventType "team-tourn"]
[EventRounds "9"]
[EventCountry "BIH"]
[SourceTitle "CBM 190 Extra"]
[Source "ChessBase"]
[SourceDate "2019.07.15"]
[SourceVersion "1"]
[SourceVersionDate "2019.07.15"]
[SourceQuality "1"]
[WhiteTeam "Zenica Napredak"]
[BlackTeam "Siroki Brijeg"]
[WhiteTeamCountry "BIH"]
[BlackTeamCountry "BIH"]

1. Nf3 d5 2. g3 g6 3. d4 Bg7 4. Bg2 Nf6 5. 0-0 0-0 6. Be3 c6 7. Qc1 Re8 8. Bh6 Bh8 9. h3 Nbd7 10. c4 Ne4 11. cxd5 cxd5 12. Nc3 Nb6 13. Rd1 Bf5 14. g4 Nxc3 15. Qxc3 Be4 16. b3 Qd6 17. Qa5 Rec8 18. Rac1 Rxc1 19. Bxc1 Qc7 20. Ba3 Qc2 21. Qd2 Qxd2 22. Rxd2 e6 23. Ne1 Bxg2 24. Kxg2 a5 25. e3 a4 26. Bb4 axb3 27. axb3 Bg7 28. Rc2 Rc8 29. Ra2 Ra8 30. Rc2 Rc8 31. Rc5 Rxc5 32. dxc5 Nd7 33. Nd3 e5 34. Ba3 f5 35. gxf5 gxf5 36. b4 Kf7 37. b5 Ke6 38. c6 bxc6 39. bxc6 Nb6 40. Bc5 Na4 41. c7 Kd7 42. Bd6 e4 43. Ne5+ Bxe5 44. Bxe5 Nc5 45. Kg3 Ne6 46. Bd6 Kc8 47. Kh4 f4 48. exf4 Nxc7 49. f5 Nb5 50. Bc5 d4 51. f6 Nc7 52. f7 Ne6 53. Bxd4 Kd7 54. Bc5 1-0

[Event "CRO-chT1A 27th"]
[Site "Biograd"]
[Date "2018.09.10"]
[Round "3.32"]
[White "Beliavsky, Alexander G"]
[Black "Bogut, Zeljko"]
[Result "1-0"]
[WhiteElo "2540"]
[BlackElo "2415"]
[PlyCount "120"]
[EventDate "2018.09.08"]
[EventType "team-tourn"]
[EventRounds "9"]
[EventCountry "CRO"]
[SourceTitle "CBM 186 Extra"]
[Source "ChessBase"]
[SourceDate "2018.08.24"]
[SourceVersion "1"]
[SourceVersionDate "2018.08.24"]
[SourceQuality "1"]
[WhiteTeam "Rijeka Rijeka"]
[BlackTeam "Dubrovnik"]
[WhiteTeamCountry "CRO"]
[BlackTeamCountry "CRO"]

1. d4 c5 2. d5 e5 3. e4 d6 4. Nc3 Be7 5. a4 Bg5 6. Bxg5 Qxg5 7. Nf3 Qe7 8. Nd2 Nf6 9. Nc4 0-0 10. Bd3 Nbd7 11. 0-0 Ne8 12. Qd2 Nc7 13. Nb5 Ne8 14. a5 a6 15. Nc3 Rb8 16. Na4 g6 17. Rae1 Ndf6 18. b4 Bd7 19. Nab6 cxb4 20. Qxb4 Bb5 21. f4 Bxc4 22. Bxc4 Nd7 23. Nxd7 Qxd7 24. Bxa6 exf4 25. Rxf4 Qc7 26. Bd3 Ra8 27. Ra1 f6 28. Rff1 Qc5+ 29. Qxc5 dxc5 30. Rab1 Nd6 31. Rb6 Rad8 32. c3 c4 33. Bc2 Kg7 34. Kf2 Rfe8 35. Ke3 f5 36. Kd4 fxe4 37. Kc5 Nf5 38. Rxb7+ Kh6 39. Re1 Re5 40. a6 Rdxd5+ 41. Kb4 Nd6 42. Ba4 Ra5 43. Rb6 Nc8 44. Rb5 Raxb5+ 45. Bxb5 Na7 46. Bxc4 Nc6+ 47. Ka4 e3 48. Bb5 Na7 49. Be2 Kg5 50. Rd1 Nc6 51. Rd6 Rc5 52. Kb3 Kf4 53. Re6 Ne5 54. a7 Rc8 55. Ra6 Ra8 56. Ka4 Ke4 57. Kb5 Kd5 58. Kb6 Nd7+ 59. Kc7 Nc5 60. Ra5 Rf8 1-0

[Event "CRO-chT1A 27th"]
[Site "Biograd"]
[Date "2018.09.08"]
[Round "1.42"]
[White "Nguyen, Thai Dai Van"]
[Black "Bogut, Zeljko"]
[Result "1-0"]
[WhiteElo "2537"]
[BlackElo "2415"]
[PlyCount "97"]
[EventDate "2018.09.08"]
[EventType "team-tourn"]
[EventRounds "9"]
[EventCountry "CRO"]
[SourceTitle "CBM 186 Extra"]
[Source "ChessBase"]
[SourceDate "2018.08.24"]
[SourceVersion "1"]
[SourceVersionDate "2018.08.24"]
[SourceQuality "1"]
[WhiteTeam "Dakovo"]
[BlackTeam "Dubrovnik"]
[WhiteTeamCountry "CRO"]
[BlackTeamCountry "CRO"]

1. e4 c5 2. Nf3 Nc6 3. d4 cxd4 4. Nxd4 e5 5. Nb5 d6 6. N1c3 a6 7. Na3 Be6 8. Nc4 Rc8 9. Be3 Nd4 10. Bxd4 Bxc4 11. Bxc4 Rxc4 12. Be3 Be7 13. Qd3 Rc6 14. 0-0 Bg5 15. Nd5 Bxe3 16. Nxe3 Ne7 17. Rfd1 0-0 18. c4 Qc8 19. b3 f5 20. exf5 Nxf5 21. Nd5 Re8 22. Qe4 Rc5 23. Nb6 Qc6 24. Qxf5 Qxb6 25. Qd7 Rd8 26. Qe6+ Kh8 27. Rd3 Rc6 28. Rad1 h6 29. Qe7 Qc7 30. Qxc7 Rxc7 31. Rxd6 Rxd6 32. Rxd6 b5 33. Rxa6 bxc4 34. bxc4 Rxc4 35. Kf1 Rc2 36. h4 h5 37. Ra5 g6 38. Ra7 e4 39. a4 Ra2 40. a5 Kg8 41. a6 Kf8 42. Ke1 Kg8 43. Kd1 Kf8 44. Kc1 Kg8 45. Kb1 Rxf2 46. Rb7 e3 47. a7 e2 48. a8Q+ Rf8 49. Qa2+ 1-0

[Event "BIH-chT 17th"]
[Site "Jahorina"]
[Date "2018.06.09"]
[Round "8.3"]
[White "Bogut, Zeljko"]
[Black "Trkulja, Goran"]
[Result "1/2-1/2"]
[WhiteElo "2417"]
[BlackElo "2292"]
[PlyCount "109"]
[EventDate "2018.06.02"]
[EventType "team-tourn"]
[EventRounds "9"]
[EventCountry "BIH"]
[SourceTitle "CBM 184 Extra"]
[Source "ChessBase"]
[SourceDate "2018.06.28"]
[SourceVersion "1"]
[SourceVersionDate "2018.06.28"]
[SourceQuality "1"]
[WhiteTeam "Siroki Brijeg"]
[BlackTeam "Zenica Celik"]
[WhiteTeamCountry "BIH"]
[BlackTeamCountry "BIH"]

1. d4 Nf6 2. c4 g6 3. Nc3 d5 4. Nf3 Bg7 5. Bg5 c6 6. Bxf6 Bxf6 7. cxd5 cxd5 8. Qb3 Nc6 9. Qxd5 Qb6 10. 0-0-0 0-0 11. e3 e5 12. dxe5 Rd8 13. Qb5 Rxd1+ 14. Kxd1 Qxb5 15. Bxb5 Nxe5 16. Nd4 a6 17. Be2 Bd7 18. f4 Nc6 19. Nxc6 Bxc6 20. Bf3 Bxf3+ 21. gxf3 Bxc3 22. bxc3 Rc8 23. Kc2 Rc5 24. a4 Kf8 25. Kd3 b5 26. Ra1 Rh5 27. axb5 axb5 28. Ra2 Rh3 29. Rf2 Ke7 30. Kd4 Kd6 31. c4 bxc4 32. Kxc4 Rh5 33. Rd2+ Ke6 34. Kd3 Rh3 35. Rf2 Rh5 36. Rg2 Rh3 37. Rf2 Rh5 38. e4 Ra5 39. Rb2 Ra6 40. Ke3 Kf6 41. Kf2 Rc6 42. Rb5 Rc2+ 43. Kg3 Rc1 44. Rb6+ Ke7 45. Rb2 Rc5 46. Kg4 h5+ 47. Kh4 Rc3 48. Kg3 Rc5 49. Rb3 Kf6 50. Rb6+ Ke7 51. h4 Ra5 52. e5 Kf8 53. Rb7 Ra4 54. Rd7 Rb4 55. Rd3 1/2-1/2

[Event "BIH-chT 17th"]
[Site "Jahorina"]
[Date "2018.06.07"]
[Round "6.4"]
[White "Bogut, Zeljko"]
[Black "Nikolic, Predrag"]
[Result "1/2-1/2"]
[WhiteElo "2417"]
[BlackElo "2582"]
[PlyCount "89"]
[EventDate "2018.06.02"]
[EventType "team-tourn"]
[EventRounds "9"]
[EventCountry "BIH"]
[SourceTitle "CBM 184 Extra"]
[Source "ChessBase"]
[SourceDate "2018.06.28"]
[SourceVersion "1"]
[SourceVersionDate "2018.06.28"]
[SourceQuality "1"]
[WhiteTeam "Siroki Brijeg"]
[BlackTeam "Sarajevo Bosna"]
[WhiteTeamCountry "BIH"]
[BlackTeamCountry "BIH"]

1. d4 d5 2. Nf3 Nf6 3. g3 c6 4. Bg2 Bf5 5. 0-0 e6 6. b3 a5 7. a4 h6 8. Bb2 Bd6 9. Re1 0-0 10. Nbd2 Ne4 11. Nxe4 Bxe4 12. Bh3 Bxf3 13. exf3 Nd7 14. f4 Re8 15. f5 exf5 16. Rxe8+ Qxe8 17. Bxf5 Nf6 18. c4 Bb4 19. Qf3 Qe7 20. Bc3 Bxc3 21. Qxc3 g6 22. Re1 Qa3 23. Bd3 dxc4 24. Bxc4 Qd6 25. Re5 Kg7 26. Rxa5 Rxa5 27. Qxa5 Qxd4 28. Qc7 Qd7 29. Qxd7 Nxd7 30. a5 Ne5 31. Be2 c5 32. Bb5 Nf3+ 33. Kg2 Nd4 34. Bc4 Nc6 35. a6 bxa6 36. Bxa6 Na5 37. Bc4 Nxc4 38. bxc4 Kf6 39. f4 Kf5 40. Kf3 h5 41. h3 f6 42. g4+ hxg4+ 43. hxg4+ Ke6 44. Ke3 f5 45. g5 1/2-1/2

[Event "BIH-chT 17th"]
[Site "Jahorina"]
[Date "2018.06.06"]
[Round "5.2"]
[White "Stojanovic, Dalibor"]
[Black "Bogut, Zeljko"]
[Result "0-1"]
[WhiteElo "2481"]
[BlackElo "2417"]
[PlyCount "74"]
[EventDate "2018.06.02"]
[EventType "team-tourn"]
[EventRounds "9"]
[EventCountry "BIH"]
[SourceTitle "CBM 184 Extra"]
[Source "ChessBase"]
[SourceDate "2018.06.28"]
[SourceVersion "1"]
[SourceVersionDate "2018.06.28"]
[SourceQuality "1"]
[WhiteTeam "Busovaca Hrasno"]
[BlackTeam "Siroki Brijeg"]
[WhiteTeamCountry "BIH"]
[BlackTeamCountry "BIH"]

1. e4 c5 2. Nf3 Nc6 3. Bb5 Nd4 4. Nxd4 cxd4 5. 0-0 a6 6. Bc4 b5 7. Bb3 Bb7 8. d3 e6 9. a4 Ne7 10. axb5 axb5 11. Rxa8 Qxa8 12. c4 bxc4 13. Bxc4 Nc6 14. Na3 Bxa3 15. bxa3 0-0 16. Bb5 Ba6 17. a4 Rb8 18. Bf4 Rb6 19. Bc7 Rb7 20. Bxc6 dxc6 21. Bd6 Qd8 22. Bc5 Qa5 23. Bxd4 Rd7 24. Qa1 Bxd3 25. Rc1 Bxe4 26. f3 Bxf3 27. gxf3 Qg5+ 28. Kf1 Rxd4 29. Qxd4 Qxc1+ 30. Kf2 h6 31. a5 c5 32. Qd8+ Kh7 33. Qd3+ f5 34. a6 c4 35. Qe2 c3 36. Qxe6 Qf4 37. a7 c2 0-1

[Event "BIH-chT 17th"]
[Site "Jahorina"]
[Date "2018.06.05"]
[Round "4.5"]
[White "Bogut, Zeljko"]
[Black "Kosic, Dragan"]
[Result "1/2-1/2"]
[WhiteElo "2417"]
[BlackElo "2461"]
[PlyCount "38"]
[EventDate "2018.06.02"]
[EventType "team-tourn"]
[EventRounds "9"]
[EventCountry "BIH"]
[SourceTitle "CBM 184 Extra"]
[Source "ChessBase"]
[SourceDate "2018.06.28"]
[SourceVersion "1"]
[SourceVersionDate "2018.06.28"]
[SourceQuality "1"]
[WhiteTeam "Siroki Brijeg"]
[BlackTeam "Sarajevo Napredak"]
[WhiteTeamCountry "BIH"]
[BlackTeamCountry "BIH"]

1. c4 e6 2. d4 Nf6 3. Bg5 Bb4+ 4. Nd2 h6 5. Bxf6 Qxf6 6. Ngf3 c5 7. a3 Bxd2+ 8. Qxd2 cxd4 9. Nxd4 a6 10. e3 Nc6 11. Be2 Nxd4 12. exd4 d6 13. Bf3 0-0 14. 0-0 Rb8 15. a4 b6 16. a5 d5 17. cxd5 exd5 18. b4 Qd6 19. Rfc1 Bd7 1/2-1/2

[Event "CRO Cup"]
[Site "Mali Losinj"]
[Date "2018.05.19"]
[Round "5.81"]
[White "Bogut, Zeljko"]
[Black "Pavic, Filip"]
[Result "1-0"]
[WhiteElo "2416"]
[BlackElo "2233"]
[PlyCount "115"]
[EventDate "2018.05.16"]
[EventType "team-swiss"]
[EventRounds "6"]
[EventCountry "CRO"]
[SourceTitle "CBM 184 Extra"]
[Source "ChessBase"]
[SourceDate "2018.06.28"]
[SourceVersion "1"]
[SourceVersionDate "2018.06.28"]
[SourceQuality "1"]
[WhiteTeam "Dubrovnik"]
[BlackTeam "Busevec Polet"]
[WhiteTeamCountry "CRO"]
[BlackTeamCountry "CRO"]

1. d4 Nf6 2. Bg5 c5 3. d5 d6 4. Nc3 g6 5. Nf3 Bg7 6. e4 Bg4 7. Be2 Bxf3 8. Bxf3 Qa5 9. 0-0 Nbd7 10. Be2 Qb4 11. Qd3 Ne5 12. Qb5+ Qxb5 13. Bxb5+ Nfd7 14. a4 h6 15. Bd2 g5 16. a5 a6 17. Be2 0-0 18. Nd1 Nf6 19. f3 Rfe8 20. Ne3 g4 21. Nf5 h5 22. Nxg7 Kxg7 23. Bc3 gxf3 24. gxf3 Kh6 25. f4 Ng6 26. Bf3 Nh4 27. Kf2 Rg8 28. Rg1 Rxg1 29. Rxg1 Nxf3 30. Kxf3 Rg8 31. Rxg8 Nxg8 32. b4 cxb4 33. Bxb4 Nf6 34. c4 Ne8 35. c5 f6 36. cxd6 exd6 37. e5 fxe5 38. fxe5 dxe5 39. Ke4 Kg6 40. Kxe5 Kf7 41. h4 Nf6 42. Bc5 Nd7+ 43. Kd6 Ke8 44. Ba7 Kd8 45. Bd4 Nf8 46. Bb6+ Kc8 47. Ke7 Nd7 48. d6 Ne5 49. Ba7 Nc6+ 50. Ke8 Ne5 51. Bd4 Nd7 52. Kf7 Nb8 53. Kg6 Kd7 54. Kxh5 Kxd6 55. Kg6 Nd7 56. Bg7 Ke7 57. h5 Nc5 58. h6 1-0

[Event "CRO Cup"]
[Site "Mali Losinj"]
[Date "2018.05.17"]
[Round "2.111"]
[White "Matko, Ognjen"]
[Black "Bogut, Zeljko"]
[Result "0-1"]
[WhiteElo "2305"]
[BlackElo "2416"]
[PlyCount "142"]
[EventDate "2018.05.16"]
[EventType "team-swiss"]
[EventRounds "6"]
[EventCountry "CRO"]
[SourceTitle "CBM 184 Extra"]
[Source "ChessBase"]
[SourceDate "2018.06.28"]
[SourceVersion "1"]
[SourceVersionDate "2018.06.28"]
[SourceQuality "1"]
[WhiteTeam "Garesnica"]
[BlackTeam "Dubrovnik"]
[WhiteTeamCountry "CRO"]
[BlackTeamCountry "CRO"]

1. e4 c5 2. c3 Qa5 3. Na3 d6 4. Nc4 Qc7 5. Nf3 Nf6 6. d3 g6 7. Bf4 Nc6 8. a4 Bg7 9. Be2 0-0 10. Qd2 e5 11. Bh6 d5 12. exd5 Nxd5 13. Bxg7 Kxg7 14. h4 h5 15. Ng5 f6 16. Ne4 Qe7 17. g3 Be6 18. 0-0 Rad8 19. Qc2 g5 20. hxg5 f5 21. Ned2 Qxg5 22. Nf3 Qf6 23. Kh2 Nde7 24. Rg1 Bxc4 25. dxc4 e4 26. Nh4 Ne5 27. Rad1 N7g6 28. Rxd8 Rxd8 29. Nxg6 Kxg6 30. Rd1 Rxd1 31. Qxd1 h4 32. Qd5 hxg3+ 33. fxg3 b6 34. Kg2 Kg5 35. Qg8+ Ng6 36. Qh7 Qe7 37. Qh5+ Kf6 38. Qh6 Qg7 39. Qd2 Nf8 40. Qd6+ Ne6 41. Kf2 Qh6 42. Qb8 Qh2+ 43. Ke1 Qg1+ 44. Kd2 Qb1 45. Qh8+ Ke7 46. Qh7+ Kd6 47. Ke3 Qc1+ 48. Kf2 e3+ 49. Kg2 Qxb2 50. Kf1 Qb1+ 51. Kg2 Qe4+ 52. Kg1 a5 53. Qa7 Qc6 54. Qh7 Qe4 55. Qa7 Qb1+ 56. Kg2 Qe1 57. Qxb6+ Ke7 58. Qb7+ Kf6 59. Qf3 Qxc3 60. g4 Qe5 61. gxf5 Nf4+ 62. Kh1 Nxe2 63. Qxe2 Kxf5 64. Qh5+ Ke4 65. Qg6+ Kd4 66. Qg3 e2 67. Qe1 Qe3 68. Kg2 Qg5+ 69. Kh1 Qe3 70. Kg2 Kxc4 71. Qxa5 e1Q 0-1

[Event "BIH-chT 16th"]
[Site "Sarajevo"]
[Date "2017.08.29"]
[Round "7.1"]
[White "Ratkovic, Milovan"]
[Black "Bogut, Zeljko"]
[Result "0-1"]
[WhiteElo "2398"]
[BlackElo "2411"]
[PlyCount "98"]
[EventDate "2017.08.24"]
[EventType "team-tourn"]
[EventRounds "9"]
[EventCountry "BIH"]
[SourceTitle "CBM 180 Extra"]
[Source "ChessBase"]
[SourceDate "2017.10.06"]
[SourceVersion "1"]
[SourceVersionDate "2017.10.06"]
[SourceQuality "1"]
[WhiteTeam "Bratunac"]
[BlackTeam "Siroki Brijeg"]
[WhiteTeamCountry "BIH"]
[BlackTeamCountry "BIH"]

1. d4 Nf6 2. c4 c5 3. d5 e6 4. Nc3 exd5 5. cxd5 d6 6. e4 g6 7. h3 Bg7 8. Nf3 0-0 9. Bd3 a6 10. a4 Nbd7 11. 0-0 Nh5 12. Bg5 Bf6 13. Qd2 Ne5 14. Bh6 Nxf3+ 15. gxf3 Bxh3 16. Rfe1 Be5 17. Ne2 Re8 18. Ra3 Bd7 19. f4 Bg7 20. Bg5 f6 21. Bh4 Bh6 22. Bc2 b5 23. axb5 Bxb5 24. Bg3 Qd7 25. Rf3 Qg4 26. Kg2 Bxe2 27. Qxe2 Bxf4 28. Ra3 Qxe2 29. Rxe2 Nxg3 30. fxg3 Be5 31. Ba4 Reb8 32. Bc6 Ra7 33. b3 h5 34. Re3 Kg7 35. Ra2 Kh6 36. Kf3 Kg5 37. Kg2 a5 38. Kf3 Ra6 39. Kg2 Rab6 40. Ra3 Bb2 41. Rxa5 Rxb3 42. Rxb3 Rxb3 43. Rb5 Rb4 44. Kf3 Be5 45. Bd7 Rd4 46. Rb3 c4 47. Ra3 Rd2 48. Ra4 Bd4 49. e5 f5 0-1

[Event "BIH-chT 16th"]
[Site "Sarajevo"]
[Date "2017.08.24"]
[Round "1.4"]
[White "Saric, Ibro"]
[Black "Bogut, Zeljko"]
[Result "1/2-1/2"]
[WhiteElo "2553"]
[BlackElo "2411"]
[PlyCount "57"]
[EventDate "2017.08.24"]
[EventType "team-tourn"]
[EventRounds "9"]
[EventCountry "BIH"]
[SourceTitle "CBM 180 Extra"]
[Source "ChessBase"]
[SourceDate "2017.10.06"]
[SourceVersion "1"]
[SourceVersionDate "2017.10.06"]
[SourceQuality "1"]
[WhiteTeam "Pazaric Bjelasnica"]
[BlackTeam "Siroki Brijeg"]
[WhiteTeamCountry "BIH"]
[BlackTeamCountry "BIH"]

1. Nf3 Nf6 2. c4 c5 3. Nc3 Nc6 4. g3 e6 5. Bg2 d5 6. cxd5 Nxd5 7. 0-0 Be7 8. d4 0-0 9. Nxd5 Qxd5 10. Be3 cxd4 11. Nxd4 Qb5 12. Nxc6 bxc6 13. b3 Qa6 14. Qc2 Bb7 15. Bf3 Rfc8 16. Bc5 Bxc5 17. Qxc5 Qb6 18. Rac1 Qxc5 19. Rxc5 a5 20. Rd1 Ra6 21. Rd7 Rb8 22. Be4 a4 23. b4 a3 24. Rc7 g6 25. Ra5 Rb6 26. Rxa3 Ba6 27. Rxc6 Bxe2 28. Rxb6 Rxb6 29. Ra4 1/2-1/2

[Event "CRO-chT1B 25th"]
[Site "Sibenik"]
[Date "2016.10.15"]
[Round "8.5"]
[White "Stojanovic, Dalibor"]
[Black "Bogut, Zeljko"]
[Result "1-0"]
[WhiteElo "2489"]
[BlackElo "2419"]
[PlyCount "118"]
[EventDate "2016.10.08"]
[EventType "team-tourn"]
[EventRounds "9"]
[EventCountry "CRO"]
[SourceTitle "EXT 2017"]
[Source "ChessBase"]
[SourceDate "2016.10.25"]
[SourceVersion "1"]
[SourceVersionDate "2016.10.25"]
[SourceQuality "1"]
[WhiteTeam "Djakovo"]
[BlackTeam "Dubrovnik"]
[WhiteTeamCountry "CRO"]
[BlackTeamCountry "CRO"]

1. e4 c5 2. Nf3 a6 3. Nc3 d6 4. d4 cxd4 5. Nxd4 Nf6 6. Be3 e5 7. Nb3 Be6 8. h3 Be7 9. Qf3 Qc7 10. 0-0-0 Nbd7 11. g4 h6 12. Kb1 Rc8 13. Qg2 b5 14. f4 Nb6 15. Bxb6 Qxb6 16. f5 Bd7 17. Nd5 Nxd5 18. exd5 Bg5 19. Nd2 Bxd2 20. Qxd2 b4 21. Bd3 a5 22. Rhe1 Qc5 23. g5 a4 24. Re4 Bxf5 25. Rxe5+ dxe5 26. Bxf5 Rd8 27. g6 fxg6 28. Bxg6+ Ke7 29. Qg2 Rhf8 30. Be4 g5 31. h4 Qe3 32. hxg5 hxg5 33. Bd3 Kd6 34. Qg4 Rf6 35. Qxb4+ Qc5 36. Qxa4 Rb8 37. b3 Rf4 38. Qa6+ Qb6 39. Qa3+ Qb4 40. Qa7 Qb7 41. Qe3 Qe7 42. c4 Rd4 43. Rh1 Qf6 44. Qc1 e4 45. Rf1 Qg7 46. Qa3+ Ke5 47. Bc2 Rxc4 48. Qa6 Rbb4 49. Qe6+ Kd4 50. Rd1+ Ke3 51. Qg4 Qc3 52. Qxg5+ Ke2 53. Qg2+ Ke3 54. Qg1+ Kf4 55. Rf1+ Ke5 56. Qg5+ Kd6 57. Rf6+ Kc7 58. Qg7+ Kb8 59. Rf8+ Rc8 1-0

[Event "BIH-chT 15th"]
[Site "Bihac"]
[Date "2016.07.18"]
[Round "3.3"]
[White "Kontic, Djordjije"]
[Black "Bogut, Zeljko"]
[Result "0-1"]
[WhiteElo "2318"]
[BlackElo "2423"]
[PlyCount "68"]
[EventDate "2016.07.16"]
[EventType "team-tourn"]
[EventRounds "9"]
[EventCountry "BIH"]
[SourceTitle "CBM 173 Extra"]
[Source "ChessBase"]
[SourceDate "2016.08.29"]
[SourceVersion "1"]
[SourceVersionDate "2016.08.29"]
[SourceQuality "1"]
[WhiteTeam "Kiseljak"]
[BlackTeam "Siroki Brijeg"]
[WhiteTeamCountry "BIH"]
[BlackTeamCountry "BIH"]

1. e4 d6 2. Nf3 Nf6 3. Nc3 Bg4 4. d4 e6 5. h3 Bxf3 6. Qxf3 c6 7. Be3 d5 8. e5 Nfd7 9. Qg3 c5 10. dxc5 Nc6 11. 0-0-0 Qa5 12. Bb5 a6 13. Bxc6 bxc6 14. Rd4 g6 15. b4 Qc7 16. Bf4 Bg7 17. Re1 a5 18. b5 Nxc5 19. Qe3 Nd7 20. Bh6 Bxe5 21. bxc6 Qxc6 22. Nxd5 Rc8 23. Re2 f6 24. Bg7 Kf7 25. Bxh8 Bxd4 26. Qxd4 Qxd5 27. Qa7 Qc6 28. Rd2 Rc7 29. Qd4 e5 30. Qh4 Kg8 31. f4 Kxh8 32. g4 Qh1+ 33. Kb2 Rb7+ 34. Ka3 Qc1+ 0-1

[Event "CRO-chT1B 24th"]
[Site "Bol"]
[Date "2015.10.08"]
[Round "6.22"]
[White "Bogut, Zeljko"]
[Black "Saric, Ibro"]
[Result "1/2-1/2"]
[WhiteElo "2434"]
[BlackElo "2565"]
[PlyCount "107"]
[EventDate "2015.10.03"]
[EventType "team-tourn"]
[EventRounds "9"]
[EventCountry "CRO"]
[SourceTitle "CBM 168 Extra"]
[Source "ChessBase"]
[SourceDate "2015.10.29"]
[SourceVersion "1"]
[SourceVersionDate "2015.10.29"]
[SourceQuality "1"]
[WhiteTeam "Dubrovnik"]
[BlackTeam "Kastel Stari Sedlar"]
[WhiteTeamCountry "CRO"]
[BlackTeamCountry "CRO"]

1. e4 d6 2. d4 Nf6 3. Nc3 g6 4. f4 Bg7 5. e5 Nfd7 6. Nf3 c5 7. exd6 0-0 8. Be3 exd6 9. Qd2 Nc6 10. 0-0-0 Qa5 11. a3 Nf6 12. h3 Re8 13. Bc4 b5 14. Bxb5 Bd7 15. Bxc6 Bxc6 16. dxc5 Bxf3 17. gxf3 dxc5 18. Ne4 Qb6 19. c3 Rab8 20. Qc2 Nxe4 21. fxe4 Rxe4 22. Rd6 Qb7 23. Re1 Rbe8 24. Qd2 Qe7 25. Rd7 Qe6 26. Rd8 Rxd8 27. Qxd8+ Bf8 28. Kd2 Kg7 29. Qa8 Qd7+ 30. Bd4+ Rxd4+ 31. cxd4 Qxd4+ 32. Kc1 Qxf4+ 33. Kb1 Qf5+ 34. Ka2 Qd7 35. Re8 Be7 36. Rg8+ Kh6 37. Qf3 Qe6+ 38. Kb1 Bg5 39. Qc3 Qe4+ 40. Ka2 Qe6+ 41. Ka1 f6 42. Ra8 a6 43. Ra7 Be3 44. Qd3 c4 45. Qd7 Qxd7 46. Rxd7 g5 47. Kb1 Kg6 48. Kc2 h5 49. Kd1 g4 50. hxg4 hxg4 51. Re7 Bd4 52. Re4 Bxb2 53. Rxg4+ Kf5 54. Rxc4 1/2-1/2